000 02245cam a2200457 i 4500
001 on1394022240
003 OCoLC
005 20250306132448.0
008 230817t20232023nyua c 000 1 eng d
010 _a 2023942739
020 _a9781250815569
_q(hardcover) :
_c$17.99
020 _a1250815568
_q(hardcover)
035 _a(OCoLC)1394022240
_z(OCoLC)1345275082
040 _aNjBwBT
_beng
_erda
_cPCX
_dPCX
_dSDG
_dOQX
_dYDX
_dBDX
_dCHILD
_dILC
_dTOH
_dJBI
_dRNL
_dIL2
_dUAH
_dCGB
_dUPB
050 1 4 _aPZ7.C1442
_bZe 2023
082 0 4 _a[Fic]
_223/eng/20230815
092 _ajunior fiction
_bCameron
100 1 _aCameron, W. Bruce,
_eauthor.
_949316
245 1 0 _aZeus :
_bwater rescue /
_cW. Bruce Cameron ; illustrations by Richard Cowdrey.
246 3 _aWater rescue
250 _aFirst edition.
264 1 _aNew York :
_bStarscape, Tor Publishing Group,
_c2023.
264 4 _c©2023
300 _a280 pages :
_billustrations ;
_c22 cm.
336 _atext
337 _aunmediated
338 _avolume
490 1 _aDogs with a purpose ;
_v1
500 _aIncludes discussion questions and suggested post-reading activities (pages 271-280).
520 _a"Some dogs were born to lend a helping hand (or paw!). Zeus, a chocolate lab puppy, is one of them. With his courage, smarts, and strength his purpose seems clear: he'll become a water rescue dog! When a young boy named Kimo is tasked with training Zeus, they quickly become best friends. But Zeus's excitement makes training hard, and worse yet, becoming a working dog means being separated from Kimo. Can Zeus and his boy figure out how to stay together forever?"--
583 _aJcat
_c20240227
_kpjr
_5UPB
650 0 _aLabrador retriever
_vJuvenile fiction.
_95729631
650 0 _aWater rescue dogs
_vJuvenile fiction.
_96540030
650 0 _aRescue dogs
_vJuvenile fiction.
_95730502
650 0 _aDogs
_xTraining
_vJuvenile fiction.
_95698397
650 0 _aHuman-animal relationships
_vJuvenile fiction.
_95681283
650 0 _aWorking animals
_vJuvenile fiction.
_95720293
700 1 _aCowdrey, Richard,
_eillustrator.
_944316
800 1 _aCameron, W. Bruce.
_tDogs with a purpose (Series) ;
_v1.
_96495775
942 _2ddc
_cBOOK
999 _c405172
_d405172